Command & Conquer: Tiberian Dawn Units - Statistics

General Stats
  • This quiz has been taken 25 times
  • The average score is 17 of 28
Answer Stats
Hint Answer % Correct
GDI/Nod Infantry Engineer
100%
GDI Vehicle APC
88%
Nod Vehicle Buggy
88%
GDI Infantry Grenadier
88%
Nod Vehicle Light Tank
88%
GDI Vehicle Mammoth Tank
88%
GDI Vehicle Medium Tank
88%
GDI Aircraft Orca
88%
GDI/Nod Infantry Commando
75%
Nod Vehicle Flame Tank
75%
GDI/Nod Vehicle Harvester
75%
GDI/Nod Infantry Rocket Soldier
75%
Nod Vehicle Stealth Tank
75%
Nod Vehicle Artillery
63%
GDI Ship (Unbuildable) Gunboat
63%
GDI Vehicle Humvee
63%
GDI/Nod Infantry Minigunner
63%
Nod Infantry Flamethrower
50%
GDI/Nod Vehicle MCV
50%
GDI Vehicle Rocket Launcher
50%
Nod Aircraft Apache
38%
GDI/Nod Aircraft Chinook
38%
GDI Aircraft (Unbuildable) A10-Warthog
25%
Nod Aircraft (Unbuildable) Antonov AN-22
25%
Nod Infantry Chemical Warrior
25%
Nod Vehicle Recon Bike
25%
GDI/Nod Ship (Unbuildable) Hovercraft
13%
Nod Vehicle SSM Launcher
13%
No matching quizzes found
Score Distribution
Percent of People with Each Score
Percentile by Number Answered
Your Score History
You have not taken this quiz